Capitales de l'Asie du Sud-Est - Quiz d'images - Statistiques

Statistiques générales
  • Ce quiz a été pris 74 fois
  • Le résultat moyen est 3 sur 9
Statistiques - réponses
Par images Hint Réponse % Correct
Kuala Lumpur
84%
Bangkok
75%
Singapour
46%
Hanoï
34%
le dôme est en or pur Bandar Seri Begawan
25%
Palais de Malacañan Manille
25%
boulevard vide typique Naypyidaw
22%
Marché central Phnom Penh
21%
« ne vole pas mon pétrole » Dili
16%
Aucun quiz correspondant
Distribution des résultats
% des personnes avec chaque résultat
Percentile par nombre de réponses
Votre historique - résultats
Vous n’avez pas pris ce quiz